Microelectronic circuits (Record no. 1329)

000 -LEADER
fixed length control field 00597nam a22002177a 4500
001 - CONTROL NUMBER
control field 1329
003 - CONTROL NUMBER IDENTIFIER
control field BD-DhUET
008 - FIXED-LENGTH DATA ELEMENTS--GENERAL INFORMATION
fixed length control field 140903b xxu||||| |||| 00| 0 eng d
020 ## - INTERNATIONAL STANDARD BOOK NUMBER
International Standard Book Number 0195680847
040 ## - CATALOGING SOURCE
Transcribing agency 0
Modifying agency BD-DhUET
082 ## - DEWEY DECIMAL CLASSIFICATION NUMBER
Classification number 623.8153
Item number SED/1982
100 ## - MAIN ENTRY--PERSONAL NAME
Personal name Sedra, Adel.S
245 ## - TITLE STATEMENT
Title Microelectronic circuits
Statement of responsibility, etc. by Adel S. Sedra and Kenneth C. Smith
250 ## - EDITION STATEMENT
Edition statement 5th ed.
260 ## - PUBLICATION, DISTRIBUTION, ETC. (IMPRINT)
Place of publication, distribution, etc. New York
Name of publisher, distributor, etc. Oxford University Press
Date of publication, distribution, etc. 1982
300 ## - PHYSICAL DESCRIPTION
Extent xxi, 1283 p.
Other physical details ill.
Dimensions 22 cm.
504 ## - BIBLIOGRAPHY, ETC. NOTE
Bibliography, etc Includes bibliographies
650 #0 - SUBJECT ADDED ENTRY--TOPICAL TERM
Topical term or geographic name as entry element Electronic-Circuits
700 ## - ADDED ENTRY--PERSONAL NAME
Personal name Smith, Kenneth C.
942 ## - ADDED ENTRY ELEMENTS (KOHA)
Koha item type General Book
Holdings
Shelving location Sublocation or collection (holding branch) Location (home branch) Koha issues (times borrowed) Copy number Koha date last borrowed Koha full call number Date acquired Withdrawn status Koha renewals Koha normalized classification for sorting Koha item type Not for loan Lost status Koha out on loan Source of classification or shelving scheme Piece designation (barcode) Koha date last seen Price effective from Damaged status
Circulation sectionCentral Library, BUETCentral Library, BUET912021-12-21623.8153/SED/20042014-09-03 1623_000000000000000_8153SED200Guide Book    1038712022-05-222014-09-03 
Circulation sectionCentral Library, BUETCentral Library, BUET722026-01-20623.8153/SED/20042007-05-28 1623_815300000000000_SED_2004General Book  2026-02-03 1038662026-01-202014-09-03 
Circulation sectionCentral Library, BUETCentral Library, BUET1332022-11-22623.8153/SED/20042014-09-03  623_000000000000000_8153SED200Guide Book  2022-12-06 1038672022-11-222014-09-03 
Circulation sectionCentral Library, BUETCentral Library, BUET242016-02-27623.8153/SED/20042014-09-03  623_000000000000000_8153SED200Guide Book  2017-02-26 1038682016-02-272014-09-03 
Circulation sectionCentral Library, BUETCentral Library, BUET1252024-03-06623.8153/SED/20042014-09-03  623_000000000000000_8153SED200Guide Book    1038702024-06-022014-09-03 
Circulation sectionCentral Library, BUETCentral Library, BUET1362025-08-24623.8153/SED/20042014-09-03 2623_000000000000000_8153SED200Guide Book    1038732025-09-082014-09-03 
Circulation sectionCentral Library, BUETCentral Library, BUET1682023-06-05623.8153/SED/20042014-09-03 1623_000000000000000_8153SED200Guide Book  2023-06-19 1038722023-06-052014-09-03 
Circulation sectionCentral Library, BUETCentral Library, BUET1892025-09-24623.8153/SED/20042014-09-03  623_000000000000000_8153SED200Guide Book    1038742025-10-182014-09-03 
Circulation sectionCentral Library, BUETCentral Library, BUET5102020-02-10623.8153/SED/20042014-10-27  623_000000000000000_8153SED200Guide Book  2021-02-09 1016932020-02-102014-10-27 
Circulation sectionCentral Library, BUETCentral Library, BUET1112014-12-08623.8153/SED/19822014-11-29  623_815300000000000_SED_1982General Book    1077892026-03-082014-11-29 
Circulation sectionCentral Library, BUETCentral Library, BUET10122025-04-29623.8153/SED/19822016-03-27  623_815300000000000_SED_1982General Book  2025-05-13 1016922025-04-292016-03-27